| 000 | 00533cas a2200157 a 4500 | ||
|---|---|---|---|
| 040 | _cKUK | ||
| 082 | _a636 PER 1980 1980 Or. | ||
| 110 | 2 | _aAustralian Society of Animal Production. | |
| 245 | 1 | 0 |
_aAnimal production in Australia _bproceedings of the Australian Society of Animal Production ... Biennial Conference |
| 246 | 1 | 7 | _aProc. Aust. Soc. Anim. Prod |
| 260 |
_aSydney ; _aNew York : _bPergamon Press, _c1980- |
||
| 650 | 0 | _aLivestock | |
| 650 | 0 | _aLivestock | |
| 710 | 2 | _aAustralian Society of Animal Production | |
| 942 | _cEK | ||
| 999 |
_c16115 _d16115 |
||